000 00916cam a2200277 a 4500
001 14546
003 BD-RjUL
005 20211208235640.0
008 140206s1968 enka b 001 0 eng
035 _a(BD-RjUL)14599
040 _aDLC
_cDLC
_dBD-RjUL
_beng
041 _aeng
082 0 0 _a616.39
_219
_bCAR 1968
245 0 0 _aCarbohydrate metabolism and its disorders /
_cedited by F. Dickens, P.J. Randle and W.J. Whelan.
260 _aLondon ;
_aNew York :
_bAcademic Press,
_cc1968.
300 _axv, 576 p. :
_bill. (some col.) ;
_c24 cm.
504 _aIncludes bibliographies and index.
505 _avol. 1 -- v. 2 --
650 0 _aCarbohydrates
_xMetabolism.
_945361
650 0 _aCarbohydrates
_xMetabolism
_xDisorders.
_945362
700 1 _aDickens, Frank,
_d1899-
_945363
700 1 _aRandle, P. J.
_945364
700 1 _aWhelan, W. J.
_q(William Joseph)
_945365
942 _2ddc
_cBK
999 _c14546
_d14546